01142nam a2200241 a 4500001001000000003000400010005001700014008004100031040002500072082001700097110006000114245011000174260008300284300003500367500005200402590002600454650006100480700004300541942001400584952017200598952011300770999001700883000029170OSt20210205103813.0110414s1927 dr ac r 000 0 spa d aDO-SdBNPbspacBNPHU 4a630.7bR462c1 aRepública Dominicana.bColegio de Agricultura.95608810aInvestidura de los primeros bachilleres en ciencias agrícolas 1927 /ceditor Virgilio Montalvo Cabral. aSanto Domingo :bSecretaría de Estado de Agricultura e Inmigración,c1927. a47 p. :bil., retrs. ;c23 cm. aA la cabeza del titulo: Colegio de Agricultura  aInventariado, 2018/LP 4aAgriculturaxEnseñanza zRepública Dominicana9771571 aMontalvo Cabral, Virgilio,eed.956089 2ddccLBS1 00112ddc708RVaPDbPDcHDd2011-04-14iLF1l0oxxxx R462cp29170-10r2020-06-25w2020-06-25y4zPerteneció a la biblioteca personal de Carlos Larrazábal Blanco. 00102ddc718RVaPDbPDcHDd2018-08-24iLF1l0o630.7 R462cp29170-20r2020-06-25te.2w2020-06-25y1 c28662d28662